=LDR 00000nam 2200000 4500 =001 INLIS000000000024493 =005 20130612123057 =008 ***********************************Ind** =035 ##$$0010-061300000024493 =041 ##$$a Ind =090 ##$$a 658, Sum p =100 ##$$a Sumarni, Murti =245 ##$$a Pengantar bisnis, Murti Sumarni =260 ##$$a 1997 $b Yogyakarta =300 ##$$a 386 hlm, 23 cm =650 ##$$a Ekonomi bisnis =850 ##$$a NBPNMAT